00896nam a2200241Ia 4500003000400000005001700004008004100021020002200062040000700084041000800091082001600099100004900115245009400164260004500258300001700303365001300320650002200333650002200355906009800377942001200475999001900487952014800506OSt20230511140003.0210423s2006 xx 000 0 und d a978-0-19-568708-8 cAL aeng a540.72 HIBD aHIBBERT (D Brynn);GOODING (J Justin)9103017 aData analysis for chemistry: an introductory guide for students and laboratory scientists aNew DelhibOxford University Pressc2006 axii,177pbPB b495cINR aChemistry9103018 aChemistry9103018 aan ; analysis ; chemistry: ; Data ; guide ; introductory ; laboratory ; scientists ; students 2ddccBK c165986d165986 001040708ACaSACPGbSACPGd2014-11-03esuper book services, Bangaloreg495.00l0o540.72 HIBDpPG012485r2022-08-24 00:00:00w2021-04-26yBK